| 000 | 00377nam a2200145Ia 4500 | ||
|---|---|---|---|
| 008 | 230711s9999||||xx |||||||||||||| ||und|| | ||
| 041 | _aENG | ||
| 082 |
_a624 _bRO-F |
||
| 100 | _aRoss,C.T.F | ||
| 245 | 0 | _aFinite elements method is structure mechanics | |
| 250 | _a1st Ed. | ||
| 260 |
_c1988 _aNew York _bJohn Wiley & Sons.Inc |
||
| 650 | _aMechanical Engineering | ||
| 942 | _cBK | ||
| 999 |
_c1157 _d1157 |
||